Modern control engineering /

Bibliographic Details
Main Author: Ogata, Katsuhiko
Format: Book
Language:English
Published: Boston : Prentice-Hall, c2010.
Edition:Fifth edition.
Series:Prentice-Hall electrical engineering series. Instrumentation and controls series
Subjects:
Classic Catalogue: View this record in Classic Catalogue
LEADER 02161nam a2200361 a 4500
001 44226
003 BD-DhAAL
005 20250316132142.0
008 100921t2010 maua b 001 0 eng
010 |a  2010483801 
020 |a 9780136156734 
020 |a 0136156738 
040 |a DLC  |c DLC  |d DLC  |d BD-DhAAL 
050 0 0 |a TJ213  |b .O28 2010 
082 |a 629.8  |2 21 
100 1 |a Ogata, Katsuhiko.  |9 29423 
245 1 0 |a Modern control engineering /  |c Katsuhiko Ogata. 
250 |a Fifth edition. 
260 |a Boston :  |b Prentice-Hall,  |c c2010. 
300 |a x, 894 pages :  |b illustrations ;  |c 25 cm. 
490 0 |a Prentice-Hall electrical engineering series. Instrumentation and controls series 
504 |a Includes bibliographical references (p. 883-885) and index. 
526 |a EEE  |x Dr. AKM Abdul Malek Azad Professor Department of Electrical and Electronic Engineering Course Name and No. : Control systems (EEE 305) 
541 |a R K CORPORATION  |e 44226, 44227, 44228 
650 0 |a Automatic control. 
650 0 |a Control theory.  |9 29425 
830 |a Prentice-Hall electrical engineering series. Instrumentation and controls series  |9 57979 
852 |a Ayesha Abed Library  |c General Stacks 
942 |2 ddc  |c BK 
999 |c 47226  |d 47226 
952 |0 0  |1 0  |2 ddc  |4 0  |6 629_800000000000000_OGA  |7 0  |9 77463  |a BRACUL  |b BRACUL  |c GEN  |d 2025-03-13  |e R K Corporation  |g 34970.00  |l 3  |m 36  |o 629.8 OGA  |p 3010044226  |r 2026-05-16  |s 2026-02-03  |t 1  |v 34970.00  |w 2025-03-13  |y BK  |x Requisitioned by Dr. AKM Abdul Malek Azad for the course named Control systems ‘’(EEE305)’’ 
952 |0 0  |1 0  |2 ddc  |4 0  |6 629_800000000000000_OGA  |7 0  |9 77464  |a BRACUL  |b BRACUL  |c GEN  |d 2025-03-13  |e R K Corporation  |g 34970.00  |l 3  |m 28  |o 629.8 OGA  |p 3010044227  |r 2026-04-22  |s 2026-02-03  |t 2  |v 34970.00  |w 2025-03-13  |y BK  |x Requisitioned by Dr. AKM Abdul Malek Azad for the course named Control systems ‘’(EEE305)’’ 
952 |0 0  |1 0  |2 ddc  |4 0  |6 629_800000000000000_OGA  |7 0  |9 77465  |a BRACUL  |b BRACUL  |c GEN  |d 2025-03-13  |e R K Corporation  |g 34970.00  |l 2  |m 30  |o 629.8 OGA  |p 3010044228  |r 2026-01-31  |s 2025-10-07  |t 3  |v 34970.00  |w 2025-03-13  |y BK  |x Requisitioned by Dr. AKM Abdul Malek Azad for the course named Control systems ‘’(EEE305)’’